Mozi jin zhu jin yi /
Saved in:
| Main Author: | |
|---|---|
| Other Authors: | |
| Format: | Book |
| Language: | Chinese |
| Published: |
Taibei :
Taiwan shang wu yin shu guan,
Min guo 63 [1974]
|
| Subjects: | |
| Tags: |
Add Tag
No Tags, Be the first to tag this record!
|
| LEADER | 01304cam a2200301 i 4500 | ||
|---|---|---|---|
| 001 | 007724150-9 | ||
| 005 | 20024617104250.0 | ||
| 008 | 881206s1974 ch 000 0 chi | ||
| 010 | |a 75838940 | ||
| 035 | 0 | |a ocm18847617 | |
| 035 | 0 | |a ocm18847617 |z ocm18827487 |z ocm23311408 | |
| 040 | |a DLC |c NNStJ |d OCoLC |d MiU |d ViW |d *YNH* |d CStRLIN | ||
| 050 | 0 | |a B128.M6 |b A33 1974 | |
| 100 | 1 | |6 880-01 |a Mo, Di, |d active 400 B.C. | |
| 240 | 1 | 0 | |6 880-02 |a Mozi |
| 245 | 1 | 0 | |6 880-03 |a Mozi jin zhu jin yi / |c [Mo Di zhu] ; Li Yushu zhu yi ; Guo li bian yi guan Zhonghua cong shu bian shen wei yuan hui, Zhonghua wen hua fu xing yun dong tui xing wei yuan hui zhu bian. |
| 260 | |6 880-04 |a Taibei : |b Taiwan shang wu yin shu guan, |c Min guo 63 [1974] | ||
| 300 | |a 397, [36] p. ; |c 22 cm. | ||
| 600 | 1 | 0 | |6 880-05 |a Mo, Di, |d active 400 B.C. |t Mozi. |
| 700 | 1 | |6 880-06 |a Li, Yushu, |d 1905- | |
| 880 | 1 | |6 100-01 |a 墨翟, |d active 400 B.C. | |
| 880 | 1 | 0 | |6 240-02 |a 墨子 |
| 880 | 1 | 0 | |6 245-03 |a 墨子今註今譯 / |c [墨翟著] ; 李漁叔註譯; 國立編譯館中華叢書編審委員會, 中華文化復興運動推行委員會主編. |
| 880 | |6 260-04 |a 臺北, |b 臺灣商務印書館, |c 民國63 [1974] | ||
| 880 | 1 | 0 | |6 600-05 |a 墨翟, |d active 400 B.C. |t 墨子. |
| 880 | 1 | |6 700-06 |a 李漁叔, |d 1905- | |
| 988 | |a 20021127 | ||
| 906 | |0 DLC | ||


